| 000 | 00624cgm a22001817a 4500 | ||
|---|---|---|---|
| 005 | 20201125063856.0 | ||
| 007 | vd cgaizm | ||
| 008 | 140923t2014 xxx f |||| 0| vneng d- | ||
| 020 | _a9781133317265 | ||
| 040 | _aEG-ScBUE | ||
| 082 | 0 | 0 |
_222 _a428.2076 _bPAT |
| 245 | 0 | 0 |
_aPathways 2 _h[videorecording] : _breading, writing, and critical thinking : assessment CD-ROM exam view. |
| 246 | 3 | _aPathways two | |
| 260 |
_aBoston, United States : _bNational Geographic Learning : _bHeinle Cengage Learning, _cc.2014. |
||
| 300 | _a1 CD-ROM. | ||
| 710 | 2 |
_aNational Geographic Learning _935969 |
|
| 942 |
_2ddc _cCDR _k428.0071 PAT TR |
||
| 999 |
_c18410 _d18382 |
||